ا سا س حيا ت (Record no. 94779)

MARC details
000 -LEADER
fixed length control field 00718nam a22002177a 4500
005 - DATE AND TIME OF LATEST TRANSACTION
control field 20150709152339.0
008 - FIXED-LENGTH DATA ELEMENTS--GENERAL INFORMATION
fixed length control field 140714b xxu||||| |||| 00| 0 Urdu d
010 ## - LCCN (DPL NO)
LC control number UR-9188
020 q# - INTERNATIONAL STANDARD BOOK NUMBER
Terms of availability 100.00
035 ## - SYSTEM CONTROL NUMBER
System control number U-7743
037 ## - SOURCE OF ACQUISITION
Source of stock number/acquisition DBAD/Pub.
040 ## - CATALOGING SOURCE
Original cataloging agency DPL
Language of cataloging Urdu
082 ## - DEWEY DECIMAL CLASSIFICATION NUMBER
Classification number 841
100 ## - MAIN ENTRY--PERSONAL NAME
Personal name ا نعا م ا لحق حير ت مر ادا با د ی
245 ## - TITLE STATEMENT
Title ا سا س حيا ت
Statement of responsibility, etc ا نعا م ا لحق حير ت مر ادا با د ی
246 ## - VARYING FORM OF TITLE
Title proper/short title Asas-e-Hyat
Remainder of title By Hyrat Muradabadi
260 ## - PUBLICATION, DISTRIBUTION, ETC. (IMPRINT)
Place of publication, distribution, etc Muradabad
Name of publisher, distributor, etc Hyrat Muradabadi
Date of publication, distribution, etc 1999
270 ## - ADDRESS
Address Maqbara 2nd Police chowki ke Pichheh
City Muradabad
Postal code -
Telephone number 499316
300 ## - PHYSICAL DESCRIPTION
Extent 176ص
Dimensions 22Cm (Hb)
942 ## - ADDED ENTRY ELEMENTS (KOHA)
Source of classification or shelving scheme Dewey Decimal Classification
Item type Urdu Bks
Edition
Classification part 841
Call number suffix ح ے ر
Holdings
Withdrawn status Lost status Source of classification or shelving scheme Damaged status Not for loan Collection code Home library Current library Date acquired Source of acquisition Cost, normal purchase price Total Checkouts Full call number Barcode Date last seen Copy number Cost, replacement price Koha item type
    Dewey Decimal Classification   Not For Loan Non-fiction D.B.Act.Division D.B.Act.Division 09/07/2015 DBAD/Pub. 100.00   841 ح ے ر U-7743 09/07/2015 1 100.00 Urdu Bks

© Delhi Public Library
Hit Counter
free hit counter